Handbook of photography /

Bibliographic Details
Main Author: Henney, Keith, 1896-1990
Other Authors: Dudley, Beverly
Format: Book
Language:English
Published: New York, London : Whittlesey house, McGraw-Hill book company, inc., [1939]
Subjects:

MARC

Tag First Indicator Second Indicator Subfields
LEADER 00000cam a2200000 4500
001 in00000027608
005 20151007062651.0
008 740129s1939 nyua bf 00010 eng u
010 |a  39033641  
035 |a (OCoLC)00785000 
035 |9 AAD5499AM 
040 |c CPL  |d TXA  |d UtOrBLW 
049 |a TXAM  |c [108866] 
050 0 |a TR150  |b .H4 
082 0 |a 770 
092 |a 770  |b H515h 
100 1 |a Henney, Keith,  |d 1896-1990. 
245 1 0 |a Handbook of photography /  |c edited by Keith Henney and Beverly Dudley. 
264 1 |a New York,  |a London :  |b Whittlesey house, McGraw-Hill book company, inc.,  |c [1939] 
264 4 |c [©1939] 
300 |a xii, 871 pages including illustrations, tables, diagrams ;  |c 24 cm. 
336 |a text  |b txt  |2 rdacontent 
337 |a unmediated  |b n  |2 rdamedia 
338 |a volume  |b nc  |2 rdacarrier 
504 |a Bibliography at end of most chapters. 
650 0 |a Photography  |v Handbooks, manuals, etc. 
700 1 |a Dudley, Beverly. 
999 |a MARS 
999 f f |s 33c6cd7f-ee09-3f39-84ae-349905fa89fa  |i 7bb740ec-2c3e-37f3-861d-5805349217cb  |t 0 
952 f f |p ric  |a Texas A&M University  |b Rellis Campus  |c Joint Library Facility  |d Remote Storage  |t 0  |e TR150 .H4  |h Library of Congress classification  |i unmediated -- volume  |m A14801160096 
998 f f |a TR150 .H4  |t 0  |l Remote Storage